00621 2200229 4500001002100000005001500021035002000036007000300056008004100059020001800100082001100118084001700129100001700146245008000163250001100243260004500254300003200299650001800331700001800349990001200367990001200379INLIS00000000000175320180315031321 a0010-0318000096ta180315 g 0 ind  a9786020321684 a808.83 a808.83 BLY l0 aBLYTON, Enid1 aLima Sekawan: Rahasia Logam Ajaib /cEnid Blyton; alih bahasa, Agus Setiadi acet.17 aJakarta :bGramedia Pustaka Utama,c2016 a188 hlm. :bilus. ;c18 cm. aCERITA PENDEK0 aAGUS, Setiadi a16848 a a16848 b